| 000 | 01328cam a2200289 i 4500 | ||
|---|---|---|---|
| 001 | completehandyman14th00new | ||
| 003 | CaSfIA | ||
| 005 | 20210117225220.0 | ||
| 007 | cr|||| | ||
| 008 | 750428s1975 nyua e 001 0 eng | ||
| 035 | _9(DLC) 74021375 | ||
| 856 | 4 | 1 |
_uhttp://www.archive.org/details/completehandyman14th00new _zFree eBook from the Internet Archive |
| 010 | _a 74021375 | ||
| 040 |
_aDLC _cDLC _dDLC _dCaSfIA |
||
| 050 | 0 | 0 |
_aTT9 _b.C65 |
| 082 | 0 | 0 | _a643/.7 |
| 245 | 0 | 0 |
_aComplete handyman do-it-yourself encyclopedia : _h[electronic resource] _ba compilation of special interest projects and manuals for the repair and care of homes, autos, appliances, hobby equipment / _cby the editors of Science & mechanics. |
| 260 |
_aNew York : _bH. S. Stuttman Co., _c[1975] |
||
| 300 |
_a21 v. : _bill. ; _c26 cm. |
||
| 500 | _aIncludes index. | ||
| 650 | 0 |
_aDo-it-yourself work _xEncyclopedias. |
|
| 730 | _aScience and mechanics. | ||
| 740 | _aDo-it-yourself. | ||
| 942 | _cEB | ||
| 506 | _fНеобхідна авторизація на https://archive.org/ (створення облікового запису безкоштовно) | ||
| 506 | _fНеобхідна авторизація на https://openlibrary.org/ (створення облікового запису безкоштовно) | ||
| 999 |
_c483141 _d483141 |
||